00358cam a2200145ua 450000100060000000800390000604000090004504100120005408200180006610000210008424500330010526000330013830000150017165300260018613857121001n1992 II |||gr||||Z||||||asm aMAIN aEnglish a891.49209 BHA aBHARALI, SAILEN. aASOMIYA LOKA NATYA PAROMPARA aGUWAHATIbBANI PRAKASHc1992 a67:c10CM. aAsomiya Natya Sahitya